00609nam a2200205Ia 4500003000400000005001700004008004100021020001900062040000700081041000800088082001500096100003500111245002600146260003800172300000900210650002200219942001300241999001900254952013000273OSt20250915153709.0250729s2004 xx 000 0 und d a978-8176486569 cAL aeng a910.7 SIDT aSiddiqui Mujibul Hasan9222544 aTeaching of geography aNew DelhibA P H Publishingc2004 a244p aGeography9222545 2ddccBED c235513d235513 00104070aALbALd2025-07-29eSita Book Houseg150.00l0o910.7 SIDTpBED00832r2025-07-29 16:54:03v150.00w2025-07-29yBK